000 02605nam a22003257a 4500
003 OSt
005 20231123160520.0
007 ta
008 221116s2022 ck a er 00| jdspa d
020 _a9786289528510
040 _cCO-MqBPB
041 0 _aspa
082 _aAC
_bSARq
100 1 _aSarmiento Sequeda, Favio
_d1984-
_eautor
_9234431
245 1 1 _a¡Qué siga la fiesta! /
_cFavio Sarmiento Sequeda
250 _aEdición especial
264 1 _aBucaramanga, Colombia;
_bEdiciones Corazón de Mango,
_c2022
300 _a100 páginas;
_bIlustraciones en blanco y negro, Tapa Rústica,
_c21 cm
490 0 _aPlan Nacional de Lectura y Escritura Leer es mi Cuento / Ministerio de Cultura
500 _a"Este libro muestras el compromiso del autor santandereano con la escritura imaginativa, pulcra e inquietante que no evade ningún tema porque sabe que es la condición humana en todas sus perspectivas la que nutre a la buena narrativa". Decidí bailar con José Miguel ese último ritmo y me abracé a él mientras ardía. Las llamas penetraban mi carne viva, pero pude tomar la mano de José Miguel para que se fundieran juntas en las fiestas de Santa Anita. Los borrachos del pueblo gritaban despropósitos a los dos cuerpos en llamas. Nadie quería apagar el fuego porque el fuego es fiesta. Mis ojos pudieron ver de cerca esos ojos tristes de José Miguel, me aferré a su carne quemada hasta el último suspiro de mis fuerzas. Nunca supe que pensaba de aquella noche, nunca supe si me odiaba o me amaba. Pero ya estábamos fundidos los dos, en medio de la más grande fiesta de carnicería humana, fundidos en el parque central de Santa Anita. La fiesta continúo durante tres días sin parar. El señor alcalde regaló cien canastas de cerveza para todo el que necesitase un poco de bebida fresca para festejar. La s cenizas volaron sobre el cielo de Santa Anita y algunas regiones aledañas durante todas las jornadas de celebración. Nada importó porque sólo un sentimiento invadía al pueblo: ¡Qué siga la fiesta!.
521 _aRecomendado para un público adulto
545 _aIncluye datos biográficos del autor al final del texto
586 _aObra ganadora de la Beca de Creación Obra Inédita de Cuento "Bucaramanga cree en su talento", 2021
650 1 7 _aCuentos colombianos
_ySiglo XXI
_2ARMARC
_9234432
650 1 7 _aLiteratura colombiana
_ySiglo XXI
_2ARMARC
_93715
650 1 7 _aVida cotidiana en la literatura
_2ARMARC
_97540
650 1 7 _aAmor en la literatura
_2ARMARC
_9234433
650 1 7 _aAmistad en la literatura
_2ARMARC
_9497
942 _2ddc
_cBKLIT
999 _c15302
_d15302